000 00761cam a2200241 i 4500
001 1360775
003 ARRUPE
005 20161128124552.0
008 810416s1976 kn a 000 0 eng
010 _a 80147664
040 _aDLC
_cDLC
_dDLC
043 _aa-kn---
050 0 0 _aL PN2935.K62J8
082 0 0 _a790.2/09519/3
_219
100 _aOegungmun Chʻulpʻansa
_927621
245 0 0 _aJuche art.
_cby Oegungmun Chʻulpʻansa
260 _aPyongyang, DPRK :
_bForeign Languages Pub. House,
_c1976.
300 _a311 p.;
_bill. (some col.) ;
_c30 cm.
650 0 _aPerforming arts
_zKorea (North)
_xPictorial works.
_927622
710 2 _aOegungmun Chʻulpʻansa.
_927621
906 _a7
_bcbc
_corignew
_d4
_encip
_f19
_gy-gencatlg
942 _2lcc
_cMONOGRAPH
999 _c125781
_d125781